书目信息 |
| 题名: |
多维互动写作教学的理论与实践
|
|
| 作者: | 纪勇 著 | |
| 分册: | ||
| 出版信息: | 北京 中国文史出版社 2014 |
|
| 页数: | 225页 | |
| 开本: | 24cm | |
| 丛书名: | ||
| 单 册: | ||
| 中图分类: | G633.342 | |
| 科图分类: | ||
| 主题词: | 作文课--教学研究--中学 | |
| 电子资源: | ||
| ISBN: | 978-7-5034-4828-7 | |
| 000 | 00873nam0 2200241 450 | |
| 001 | 339222 | |
| 005 | 20150604100749.50 | |
| 010 | @a978-7-5034-4828-7@dCNY38.00 | |
| 100 | @a20140719d2014 em y0chiy50 ea | |
| 101 | 0 | @achi |
| 102 | @aCN@b110000 | |
| 105 | @ay z 000yy | |
| 106 | @ar | |
| 200 | 1 | @a多维互动写作教学的理论与实践@Aduo wei hu dong xie zuo jiao xue de li lun yu shi jian@f纪勇著 |
| 210 | @a北京@c中国文史出版社@d2014 | |
| 215 | @a225页@d24cm | |
| 300 | @a2014年度宁波市社会科学学术著作出版资助项目 | |
| 330 | @a本书共八章, 具体内容包括: 中学写作教学现状分析、多维互动写作教学概念界说、中学多维互动写作教学的基本理念、中学多维互动写作教学的特点、多维互动写作教学的实施策略等。 | |
| 606 | 0 | @a作文课@x教学研究@x中学 |
| 690 | @aG633.342@v5 | |
| 701 | 0 | @a纪勇@Aji yong@c(中学教师)@4著 |
| 801 | 0 | @aCN@b卓展宏图@c20150525 |
| 905 | @dG633.342@e595@f4 | |
| 多维互动写作教学的理论与实践/纪勇著.-北京:中国文史出版社,2014 |
| 225页;24cm |
| 2014年度宁波市社会科学学术著作出版资助项目 |
| ISBN 978-7-5034-4828-7:CNY38.00 |
| 本书共八章, 具体内容包括: 中学写作教学现状分析、多维互动写作教学概念界说、中学多维互动写作教学的基本理念、中学多维互动写作教学的特点、多维互动写作教学的实施策略等。 |
| ● |
| 相关链接 |
|
|
|
|
正题名:多维互动写作教学的理论与实践
索取号:G633.342/595
 
预约/预借
| 序号 | 登录号 | 条形码 | 馆藏地/架位号 | 状态 | 备注 |
| 1 | 859931 | 208599319 | 第一样本阅览室/ [索取号:G633.342/595] | 在馆 | |
| 2 | 859932 | 208599328 | 第四借阅区/ [索取号:G633.342/595] | 在馆 | |
| 3 | 859933 | 208599337 | 第四借阅区/ [索取号:G633.342/595] | 在馆 | |
| 4 | 859934 | 208599346 | 第四借阅区/ [索取号:G633.342/595] | 在馆 |